000
00341 a2200169 4500
001
177665
020
_a
978-85-20-00090-8
040
_c
Magnum
100
_a
Belinky,tatiana
240
1
0
_a
Diversidade
_l
por
245
1
0
_a
Diversidade
300
_a
36
362
0
_a
2015
440
1
_a
FTD
697
_a
LITERATURA INFANTIL
942
_c
BK
999
_c
177665
_d
177665